| 000 | 00940nam a2200277Ia 4500 | ||
|---|---|---|---|
| 008 | |||
| 020 | _a1418019445 (paperbag) | ||
| 049 | _aMAIN | ||
| 090 |
_aREF TK5105.5 _bGRA |
||
| 100 | 1 | _aGraves, Michael W. | |
| 245 | 1 | 4 |
_aThe complete guide to networking and Network + / _cMichael W. Graves. |
| 246 | 3 | _aComplete guide to networking and NetworkPlus. | |
| 260 |
_aClifton Park : _bThomson, _c2006. |
||
| 300 |
_axxxii, 608 pages. : _billustrations. ; _c28 cm |
||
| 336 |
_atext _btxt _2rdamedia |
||
| 337 |
_aunmediated _bn _2rdamedia |
||
| 338 |
_avolume _bnc _2rdacarrier |
||
| 500 | _aIncludes index. | ||
| 650 | 0 |
_aComputer networks _xExaminations _vStudy guides. |
|
| 650 | 0 |
_aTCP/IP (Computer network protocol) _xExaminations _vStudy guides. |
|
| 907 |
_a.b10386968 _b21-05-19 _c15-11-17 |
||
| 003 | |||
| 005 | 20230123141140.0 | ||
| 040 | _cNUST | ||
| 942 |
_cBOOKS _kREF TK5105.5 _mGRA |
||
| 999 |
_c168521 _d168521 |
||